000 00465nam a22001577a 4500
005 20240724104859.0
008 240724b |||||||| |||| 00| 0 eng d
041 _aEnglish
082 _a349 SOU
100 _lEnglish
245 _aThe South African Law Reports
260 _aCape Town :
_bJuta and Company Ltd,
_c1922
300 _bCape Town:
_cJuta and Company Ltd,
_e1922
650 _aLegal practice
_bLaw
942 _cBK
_6ALISON_BN_VRIES
999 _c2252
_d2252